Organic Chemistry With Biological Applications (Record no. 295060)
[ view plain ]
| 000 -LEADER | |
|---|---|
| fixed length control field | 00327nam a2200109Ia 4500 |
| 008 - FIXED-LENGTH DATA ELEMENTS--GENERAL INFORMATION | |
| fixed length control field | 160531s9999 xx 000 0 und d |
| 100 ## - MAIN ENTRY--PERSONAL NAME | |
| Personal name | McMurry, John E. |
| 245 ## - TITLE STATEMENT | |
| Title | Organic Chemistry With Biological Applications |
| 245 ## - TITLE STATEMENT | |
| Statement of responsibility, etc | By:John E. McMurry |
| 260 ## - PUBLICATION, DISTRIBUTION, ETC. (IMPRINT) | |
| Date of publication, distribution, etc | 2014 |
| 856 ## - ELECTRONIC LOCATION AND ACCESS | |
| Uniform Resource Identifier | <a href="http://file.ebook777.com/012/OrgCheWitBioApp.pdf">http://file.ebook777.com/012/OrgCheWitBioApp.pdf</a> |
| Withdrawn status | Lost status | Damaged status | Home library | Current library | Date acquired | Total Checkouts | Date last seen | Price effective from | Koha item type |
|---|---|---|---|---|---|---|---|---|---|
| College Library | College Library | 05/31/2016 | 05/31/2016 | 05/31/2016 | Curriculum - Based eBooks |